00430nam a2200169Ia 4500003000400000008004100004040001600045082001300061100002500074245003900099260004200138300001000180650001500190650001200205650002300217650002000240GCL140319s9999 xx 000 0 eng d aGCL / cGCL04a863bG T1 aGALDOS, BENITO PEREZ10aTRAFALGAR / cGALDOS, BENITO PEREZ a[S.N] : bALIANZA EDITORIAL ، c1987 a144 P04aLITERATURE04aFICTION04aSPANISH LITERATURE04aSPANISH FICTION